Statistics for Every EFL Championship Goalscorer (2022/23)

Click here to take the quiz!

General Stats

  • This quiz has been taken 56 times
  • The average score is 109 of 356

Answer Stats

Player% Correct
Abdoullah Ba
77%
Ben Brereton Díaz
73%
Nathan Tella
69%
Teemu Pukki
69%
Ashley Barnes
62%
Jacob Brown
62%
Jerry Yates
62%
Josh Sargent
62%
Juninho Bacuna
62%
Alex Scott
58%
Amad Diallo
58%
Chuba Akpom
58%
Gustavo Hamer
58%
Isaiah Jones
58%
Ismaïla Sarr
58%
Naby Sarr
58%
Nahki Wells
58%
Oli McBurnie
58%
Pat Jones
58%
Amari'i Bell
54%
Carlton Morris
54%
Connor Roberts
54%
Daniel Johnson
54%
João Pedro
54%
Krystian Bielik
54%
Manuel Benson
54%
Sam Bell
54%
Troy Deeney
54%
Viktor Gyökeres
54%
Anass Zaroury
50%
Andreas Weimann
50%
Bradley Dack
50%
Chiedozie Ogbene
50%
George Baldock
50%
Grant Hanley
50%
Hannibal Mejbri
50%
Jake Cooper
50%
Joël Piroe
50%
Jordan Clark
50%
Josh Brownhill
50%
Lyndon Dykes
50%
Oli Cooper
50%
Onel Hernández
50%
Patrick Roberts
50%
Sammie Szmodics
50%
Scott Hogan
50%
Tahith Chong
50%
Tyler Roberts
50%
Cameron Archer
46%
Ched Evans
46%
Chris Martin
46%
Ciaran Clark
46%
Danny Ward
46%
Gary Madine
46%
Harry Pickering
46%
Ilias Chair
46%
Iliman Ndiaye
46%
Jack Clarke
46%
Jamal Lowe
46%
James McAtee
46%
Jay Rodriguez
46%
Josh Bowler
46%
Josh Cullen
46%
Kasey Palmer
46%
Lukas Jutkiewicz
46%
Max Lowe
46%
Paddy McNair
46%
Sam Gallagher
46%
Sander Berge
46%
Scott Twine
46%
Taylor Harwood-Bellis
46%
Tom Bradshaw
46%
Tom Lockyer
46%
Tyler Smith
46%
Aaron Connolly
42%
Alan Browne
42%
Andy Carroll
42%
Anel Ahmedhodžić
42%
Antoine Semenyo
42%
Billy Sharp
42%
Brandon Thomas-Asante
42%
Callum Connolly
42%
Callum Styles
42%
Daniel Ayala
42%
Daryl Dike
42%
Dominic Hyam
42%
Harry Clarke
42%
Ian Maatsen
42%
Jack Robinson
42%
Jóhann Berg Guðmundsson
42%
John Egan
42%
Keinan Davis
42%
Ken Sema
42%
Kevin Long
42%
Liam Cullen
42%
Marcus Forss
42%
Oliver Norwood
42%
Reda Khadra
42%
Riley McGree
42%
Ross Stewart
42%
Ryan Hedges
42%
Shane Long
42%
Shayne Lavery
42%
Tommy Doyle
42%
Adam Idah
38%
Auston Trusty
38%
Ben Wilson
38%
Callum Robinson
38%
Danel Sinani
38%
D'Margio Wright-Phillips
38%
Duncan Watmore
38%
Gabriel Sara
38%
Jayden Bogle
38%
John Fleck
38%
Jordan Beyer
38%
Jordan Hugill
38%
Josh Koroma
38%
Liam Delap
38%
Lyle Foster
38%
Mark Harris
38%
Matt Godden
38%
Maxime Colin
38%
Michael Obafemi
38%
Oliver Burke
38%
Olivier Ntcham
38%
Reece Burke
38%
Richard Wood
38%
Sory Kaba
38%
Tommy Conway
38%
Tyler Walker
38%
Tyrhys Dolan
38%
Zian Flemming
38%
Aaron Ramsey
35%
Albert Adomah
35%
Alex Pritchard
35%
Allan Campbell
35%
Ben Wiles
35%
Chris Willock
35%
Daniel Barlaser
35%
Dan Neil
35%
Dara O'Shea
35%
Elijah Adebayo
35%
Harlee Dean
35%
Jamie Allen
35%
Jed Wallace
35%
Joe Allen
35%
Joe Rankin-Costello
35%
John Swift
35%
Jordan Rhodes
35%
Kenny Dougall
35%
Kenny McLean
35%
Kyle Bartley
35%
Lynden Gooch
35%
Matt Crooks
35%
Matt Phillips
35%
Óscar Estupiñán
35%
Pelly-Ruddock Mpanzu
35%
Phil Jagielka
35%
Regan Slater
35%
Rhian Brewster
35%
Scott Wharton
35%
Semi Ajayi
35%
Sonny Carey
35%
Thelo Aasgaard
35%
Tyrese Campbell
35%
Will Keane
35%
Ben Osborn
31%
Ben Sheaf
31%
Ben Whiteman
31%
Ben Wilmot
31%
Brad Potts
31%
Charlie Patino
31%
Conor Townsend
31%
Dan Potts
31%
Dennis Cirkin
31%
Dion Sanderson
31%
Emil Riis Jakobsen
31%
George Saville
31%
Harry Cornick
31%
Hayden Hackney
31%
Joe Williams
31%
Karlan Grant
31%
Kyle McFadzean
31%
Marcelino Núñez
31%
Matt Grimes
31%
Max Aarons
31%
Max Power
31%
Okay Yokuşlu
31%
Ozan Tufan
31%
Ryan Manning
31%
Taylor Gardner-Hickman
31%
Tom Cleverley
31%
Vitinho
31%
Andreas Voglsammer
27%
Anis Mehmeti
27%
Ben Cabango
27%
Conor Washington
27%
Duane Holmes
27%
Edouard Michut
27%
Ellis Simms
27%
Georgie Kelly
27%
Ian Poveda
27%
Imran Louza
27%
Jayson Molumby
27%
Joe Gelhardt
27%
Joseph Hungbo
27%
Ki-Jana Hoever
27%
Lewis Baker
27%
Lewis Travis
27%
Lucas João
27%
Luke O'Nien
27%
Marvin Ekpiteta
27%
Matty Pearson
27%
Nathan Broadhead
27%
Nick Powell
27%
Ryan Longman
27%
Tom Ince
27%
Tom McIntyre
27%
Tom Rogić
27%
Andrew Hughes
23%
Ashley Fletcher
23%
Benik Afobe
23%
Cédric Kipré
23%
Charlie Hughes
23%
Christos Tzolis
23%
Curtis Nelson
23%
Cyrus Christie
23%
Daniel Jebbison
23%
Gabriel Osho
23%
George Hall
23%
Grady Diangana
23%
Hayden Carter
23%
Henri Lansbury
23%
Jack Rudoni
23%
Jay Fulton
23%
Jean Michaël Seri
23%
Jewison Bennette
23%
Jimmy Dunne
23%
Kieran Dowell
23%
Luke Berry
23%
Luke Cundle
23%
Mamadou Loum
23%
Marquinhos
23%
Morgan Rogers
23%
Rodrigo Muniz
23%
Romaine Sawyers
23%
Ryan Ledson
23%
Trai Hume
23%
Andy Lyons
19%
Britt Assombalonga
19%
Callum O'Dowda
19%
Charlie Cresswell
19%
Christian Kabasele
19%
CJ Hamilton
19%
Dwight Gayle
19%
Elliot Embleton
19%
George Honeyman
19%
Hakeem Odoffin
19%
Hjalmar Ekdal
19%
Isaak Davies
19%
Jacob Greaves
19%
Jaden Philogene
19%
Jake Livermore
19%
James McClean
19%
Joe Ralls
19%
Josh Ruffels
19%
Lee Peltier
19%
Martyn Waghorn
19%
Michał Helik
19%
Przemysław Płacheta
19%
Sam Byram
19%
Stefan Johansen
19%
Theo Corbeanu
19%
Thomas Cannon
19%
Tom Lees
19%
Troy Parrott
19%
Yakou Méïté
19%
Zak Vyner
19%
Adama Traoré
15%
Allahyar Sayyadmanesh
15%
Benjamin Tetteh
15%
Cameron Pring
15%
Darnell Furlong
15%
Emmanuel Longelo
15%
Jacob Sørensen
15%
Jamie Lindsay
15%
Jordan Storey
15%
Josh Tymon
15%
Lewis Fiorini
15%
Mark Sykes
15%
Oliver Rathbone
15%
Perry Ng
15%
Robert Atkinson
15%
Samuel Bastien
15%
Seny Dieng
15%
Shane Ferguson
15%
Tom Naylor
15%
Wes Harding
15%
Will Smallbone
15%
Andrew Omobamidele
12%
Ben Woodburn
12%
Charlie Wyke
12%
Greg Cunningham
12%
Halil Dervişoğlu
12%
Jake Bidwell
12%
Jeff Hendrick
12%
Joel Latibeaudiere
12%
Jonathan Panzo
12%
Jordan Thorniley
12%
Josh Eccles
12%
Josh Laurent
12%
Josh Magennis
12%
Kian Harratt
12%
Liam Gibbs
12%
Morgan Whittaker
12%
Ryan Porteous
12%
Tariqe Fosu
12%
Tim Iroegbunam
12%
Alfie Doughty
8%
Callum Lang
8%
Cesare Casadei
8%
Cohen Bramall
8%
Connor Wickham
8%
Dimitrios Pelkas
8%
Francisco Sierralta
8%
Greg Docherty
8%
Jack Whatmough
8%
Leon Balogun
8%
Sam Field
8%
Tyler Burey
8%
Vakoun Bayo
8%
William Troost-Ekong
8%
Yuta Nakayama
8%
Aji Alese
4%
Amadou Mbengue
4%
Ben Jackson
4%
Cauley Woodrow
4%
Ethan Laird
4%
Harry Darling
4%
Jaheim Headley
4%
Kaine Kesler-Hayden
4%
Kenneth Paal
4%
Luke Freeman
4%
Ryan Wintle
4%
Sheyi Ojo
4%
Tyrese Fornah
4%
Wesley Hoedt
4%
Yáser Asprilla
4%
Curtis Tilt
0%
Gavin Whyte
0%
João Ferreira
0%
Kelvin Ehibhatiomhan
0%
Kion Etete
0%
Matthew Sorinola
0%
Tino Anjorin
0%
Tobi Adeyemo
0%

Score Distribution

Percentile by Number Answered

Percent of People with Each Score

Your Score History

You have not taken this quiz